| 000 | 00477cam a2200145 4500500 | ||
|---|---|---|---|
| 005 | 20251012024031.0 | ||
| 041 | _afre | ||
| 042 | _adc | ||
| 100 | 1 | 0 |
_aPregno, Gilbert _eauthor |
| 245 | 0 | 0 | _aRecension Belle-mère, beau-père : trouver sa place |
| 260 | _c2025. | ||
| 500 | _a2 | ||
| 786 | 0 | _nThérapie Familiale | 46 | 3 | 2025-06-20 | p. 249-250 | 0250-4952 | |
| 856 | 4 | 1 | _uhttps://shs.cairn.info/revue-therapie-familiale-2025-3-page-249?lang=fr&redirect-ssocas=7080 |
| 999 |
_c1543423 _d1543423 |
||